000
00266nam a22001217a 4500
041
_a
ENG
100
_a
W.Lockeretz
245
_a
Africulture And Energy
260
_a
New York
_b
APcademic Press
_c
1977
300
_a
750
650
_a
APE ( 02 )
856
_u
APE ( 02 )
999
_c
2823
_d
2823